000
00261nam a2200109Ia 4500
008
220204s9999 xx 000 0 und d
082
_a
082.09
_b
DAV
100
_a
Davenport, B
245
0
_a
Portable Roman reader
260
_a
England
_b
Penguin
_c
1951
942
_c
BK
999
_c
33061
_d
33061